[Event "FRA-chT Top 12 (Women) GpA"]
[Site "Vandoeuvre"]
[Date "2019.05.05"]
[Round "5.2"]
[White "Leconte, Maria"]
[Black "Gras, Delphine"]
[Result "1-0"]
[WhiteElo "2246"]
[BlackElo "1835"]
[PlyCount "53"]
[EventDate "2019.05.02"]
[EventType "team-tourn"]
[EventRounds "5"]
[EventCountry "FRA"]
[SourceTitle "CBM 190 Extra"]
[Source "ChessBase"]
[SourceDate "2019.07.15"]
[SourceVersion "1"]
[SourceVersionDate "2019.07.15"]
[SourceQuality "1"]
[WhiteTeam "Monaco (W)"]
[BlackTeam "Cannes (W)"]
[WhiteTeamCountry "FRA"]
[BlackTeamCountry "FRA"]

1. e4 c6 2. d4 d5 3. Nc3 dxe4 4. Nxe4 Bf5 5. Ng3 Bg6 6. Nh3 e6 7. Bc4 Nf6 8. 0-0 Bd6 9. f4 Qc7 10. Kh1 0-0 11. f5 exf5 12. Nxf5 Bxh2 13. Nh6+ Kh8 14. Rxf6 gxf6 15. Qf3 Nd7 16. Ng4 Bh5 17. Nhf2 Rae8 18. Bh6 Rg8 19. Qh3 Bxg4 20. Nxg4 Qg3 21. Nxh2 Re1+ 22. Rxe1 Qxe1+ 23. Nf1 Nb6 24. Bd3 Qe6 25. Bf5 Qc4 26. Nd2 Qd5 27. Bg5 1-0

[Event "FRA-chT Top 12 (Women) GpB"]
[Site "Mulhouse"]
[Date "2017.05.07"]
[Round "3.1"]
[White "Richard, Emma"]
[Black "Gras, Delphine"]
[Result "1-0"]
[WhiteElo "2072"]
[BlackElo "1846"]
[PlyCount "101"]
[EventDate "2017.05.05"]
[EventType "team-tourn"]
[EventRounds "5"]
[EventCountry "FRA"]
[SourceTitle "CBM 178 Extra"]
[Source "ChessBase"]
[SourceDate "2017.06.22"]
[SourceVersion "1"]
[SourceVersionDate "2017.06.22"]
[SourceQuality "1"]
[WhiteTeam "Mulhouse Philidor (W)"]
[BlackTeam "Cannes (W)"]
[WhiteTeamCountry "FRA"]
[BlackTeamCountry "FRA"]

1. e4 c6 2. d4 d5 3. exd5 cxd5 4. Bf4 Nf6 5. c3 Nc6 6. Nd2 Bg4 7. Qb3 Qc8 8. Ngf3 e6 9. h3 Bh5 10. g4 Bg6 11. Nh4 Ne4 12. Nxg6 Nxd2 13. Qd1 hxg6 14. Qxd2 Qd7 15. 0-0-0 Rc8 16. Kb1 a6 17. h4 Na5 18. Bd3 Nc4 19. Qc2 b5 20. Bxc4 Rxc4 21. Qd3 b4 22. cxb4 Bxb4 23. Rc1 Qb5 24. Rxc4 Qxc4 25. Qxc4 dxc4 26. Be5 f6 27. Bg3 g5 28. Kc2 Ke7 29. Rh2 gxh4 30. Rxh4 Rxh4 31. Bxh4 g5 32. Bg3 Bd6 33. Kc3 Bxg3 34. fxg3 Kd6 35. Kxc4 f5 36. b4 fxg4 37. a4 Kc6 38. b5+ axb5+ 39. axb5+ Kd6 40. Kb4 Kd5 41. b6 Kxd4 42. b7 e5 43. b8Q e4 44. Qd6+ Ke3 45. Kc3 Kf3 46. Kd2 Kf2 47. Qe5 Kg2 48. Ke2 Kh3 49. Kf2 e3+ 50. Qxe3 Kh2 51. Qe6 1-0

[Event "FRA-chT Top 12 (Women) GpB"]
[Site "Mulhouse"]
[Date "2017.05.06"]
[Round "2.2"]
[White "Gras, Delphine"]
[Black "Aubert, Estee"]
[Result "1-0"]
[WhiteElo "1846"]
[BlackElo "1829"]
[PlyCount "47"]
[EventDate "2017.05.05"]
[EventType "team-tourn"]
[EventRounds "5"]
[EventCountry "FRA"]
[SourceTitle "CBM 178 Extra"]
[Source "ChessBase"]
[SourceDate "2017.06.22"]
[SourceVersion "1"]
[SourceVersionDate "2017.06.22"]
[SourceQuality "1"]
[WhiteTeam "Cannes (W)"]
[BlackTeam "Villepinte (W)"]
[WhiteTeamCountry "FRA"]
[BlackTeamCountry "FRA"]

1. e4 c5 2. Nf3 e6 3. d4 cxd4 4. Nxd4 Nf6 5. Nc3 Nc6 6. a3 a6 7. Nxc6 bxc6 8. e5 Nd5 9. Ne4 Qc7 10. f4 Qb6 11. Qd3 f5 12. exf6 Nxf6 13. Be3 Qa5+ 14. Bd2 Qf5 15. Nxf6+ Qxf6 16. Be2 Bc5 17. Bh5+ Ke7 18. g3 Bd4 19. c3 Bb6 20. 0-0-0 a5 21. Rhe1 Ba6 22. c4 Bd4 23. Bc3 Bxc3 24. Qd6+ 1-0

[Event "FRA-chT Top 12 (Women) GpA"]
[Site "Mulhouse"]
[Date "2016.05.07"]
[Round "3.4"]
[White "Gras, Delphine"]
[Black "Haussernot, Cecile"]
[Result "0-1"]
[WhiteElo "1942"]
[BlackElo "2087"]
[PlyCount "97"]
[EventDate "2016.05.05"]
[EventType "team-tourn"]
[EventRounds "5"]
[EventCountry "FRA"]
[SourceTitle "CBM 172 Extra"]
[Source "ChessBase"]
[SourceDate "2016.06.21"]
[SourceVersion "1"]
[SourceVersionDate "2016.06.21"]
[SourceQuality "1"]
[WhiteTeam "Cannes (W)"]
[BlackTeam "Montpellier (W)"]
[WhiteTeamCountry "FRA"]
[BlackTeamCountry "FRA"]

1. e4 c5 2. Nf3 d6 3. Bb5+ Nd7 4. d4 cxd4 5. Qxd4 a6 6. Bxd7+ Bxd7 7. c4 e5 8. Qd3 Rc8 9. Nc3 Nf6 10. Bg5 Be6 11. b3 Be7 12. Rd1 0-0 13. 0-0 Rc6 14. Ne1 Nd7 15. Bxe7 Qxe7 16. Nc2 f5 17. Nb4 Rcc8 18. Qxd6 Qxd6 19. Rxd6 Nc5 20. Nd3 Nxd3 21. Rxe6 b5 22. exf5 bxc4 23. bxc4 Rxc4 24. Nd5 Rd8 25. Ne7+ Kf7 26. Nc6 Rd5 27. f3 g6 28. fxg6+ hxg6 29. Rxg6 Nf4 30. Rd6 Rdc5 31. Nd8+ Ke7 32. Rfd1 Ne2+ 33. Kf2 Nd4 34. Nb7 Rb5 35. Rh6 Rb2+ 36. Kf1 Rcc2 37. Nd6 Rxg2 38. Ne4 Nxf3 39. Rh7+ Ke6 40. Rd6+ Kf5 41. Ng3+ Kf4 42. Rf7+ Ke3 43. Nf5+ Ke4 44. Ng3+ Rxg3 45. hxg3 Rxa2 46. Ra7 Ke3 47. Rf7 Ke4 48. Rdf6 Nd4 49. Rf2 0-1

[Event "FRA-chT2 East 0809"]
[Site "France"]
[Date "2009.03.14"]
[Round "8.7"]
[White "Gras, Delphine"]
[Black "Joly, Laurent"]
[Result "0-1"]
[WhiteElo "1995"]
[BlackElo "2040"]
[PlyCount "144"]
[EventDate "2008.10.19"]
[EventType "team-tourn"]
[EventRounds "11"]
[EventCountry "FRA"]
[SourceTitle "EXT 2010"]
[Source "ChessBase"]
[SourceDate "2010.11.25"]
[SourceVersion "1"]
[SourceVersionDate "2010.11.25"]
[SourceQuality "1"]
[WhiteTeam "Strasbourg II"]
[BlackTeam "Metz Fischer II"]
[WhiteTeamCountry "FRA"]
[BlackTeamCountry "FRA"]

1. e4 Nf6 2. e5 Nd5 3. d4 d6 4. Nf3 dxe5 5. dxe5 Bg4 6. Be2 Nc6 7. c4 Nb6 8. Qb3 Bxf3 9. Qxf3 Nd4 10. Qe4 Nxe2 11. Kxe2 c6 12. Rd1 Qc7 13. e6 Qc8 14. exf7+ Kxf7 15. Rd3 Nd7 16. Rf3+ Nf6 17. Nc3 Qe6 18. Be3 h6 19. Rd1 b6 20. h4 Qxe4 21. Nxe4 Ke8 22. Rf4 Rd8 23. Rxd8+ Kxd8 24. Ng3 e6 25. Rd4+ Kc8 26. Ne4 e5 27. Nd6+ Kc7 28. Nf7 exd4 29. Bf4+ Bd6 30. Bxd6+ Kd7 31. Nxh8 Kxd6 32. Nf7+ Kc7 33. Kd3 c5 34. b4 Kd7 35. Ne5+ Kd6 36. Nf7+ Ke6 37. Nd8+ Kd7 38. Nf7 Kc7 39. Ne5 Nd7 40. Nf7 Nf6 41. Ne5 Nd7 42. Nf7 cxb4 43. Kxd4 a5 44. Kd3 a4 45. g4 Nc5+ 46. Kc2 Ne6 47. Kb2 Nc5 48. f3 Nd3+ 49. Kb1 Kd7 50. g5 h5 51. Nh8 Ke7 52. Ng6+ Kf7 53. Nh8+ Ke6 54. Ng6 a3 55. Nf8+ Kf5 56. Nd7 Kf4 57. Nxb6 Kxf3 58. Kc2 Ne5 59. Kb3 Nc6 60. Nd5 Kg4 61. Nxb4 Na5+ 62. Kc3 Kxh4 63. c5 Kxg5 64. c6 Nxc6 65. Nxc6 h4 66. Nd4 Kg4 67. Nc2 Kf4 68. Nd4 h3 69. Ne2+ Kg4 70. Nc1 Kf3 71. Nd3 h2 72. Ne5+ Kg3 0-1

[Event "FRA-chT Top 12 (Women)"]
[Site "France"]
[Date "2009.??.??"]
[Round "3.3"]
[White "Gras, Delphine"]
[Black "Choisy, Mathilde"]
[Result "1-0"]
[WhiteElo "1995"]
[BlackElo "2136"]
[PlyCount "81"]
[EventDate "2009.01.22"]
[EventType "team-tourn"]
[EventRounds "4"]
[EventCountry "FRA"]
[SourceTitle "CBM 128 Extra"]
[Source "ChessBase"]
[SourceDate "2009.03.05"]
[SourceVersion "2"]
[SourceVersionDate "2009.03.25"]
[SourceQuality "1"]

1. e4 c5 2. Nf3 Nc6 3. d4 cxd4 4. Nxd4 Nf6 5. Nc3 d6 6. Be2 e6 7. Be3 a6 8. a4 Be7 9. 0-0 0-0 10. f4 Qc7 11. Qe1 b6 12. Qg3 Bb7 13. Rad1 Rfe8 14. Bf3 Bf8 15. Kh1 Nxd4 16. Bxd4 e5 17. Be3 Rac8 18. Qf2 b5 19. axb5 axb5 20. Nxb5 Qxc2 21. Rd2 Qc6 22. Na7 Nxe4 23. Bxe4 Qxe4 24. Nxc8 exf4 25. Bxf4 Rxc8 26. Bxd6 Qg6 27. Bxf8 Rxf8 28. Rfd1 h6 29. b4 f5 30. Rd8 Rxd8 31. Rxd8+ Kh7 32. Qa2 Qg5 33. Qg8+ Kg6 34. Rd6+ Kh5 35. Qe8+ g6 36. Qe2+ Kh4 37. Rd4+ Be4 38. Rxe4+ fxe4 39. Qxe4+ Kh5 40. Qf3+ Kh4 41. Qh3# 1-0

[Event "FRA-ch op-A"]
[Site "Pau"]
[Date "2008.08.16"]
[Round "5"]
[White "Gras, Delphine"]
[Black "Busson, Benoist"]
[Result "1-0"]
[WhiteElo "1993"]
[BlackElo "2028"]
[PlyCount "101"]
[EventDate "2008.08.11"]
[EventType "swiss"]
[EventRounds "9"]
[EventCountry "FRA"]
[SourceTitle "CBM 126 Extra"]
[Source "ChessBase"]
[SourceDate "2008.11.05"]
[SourceVersion "1"]
[SourceVersionDate "2008.11.05"]
[SourceQuality "1"]

1. e4 d5 2. exd5 Qxd5 3. Nc3 Qd6 4. Bc4 Nf6 5. d3 c6 6. Nge2 Bg4 7. Bf4 Qxf4 8. Nxf4 Bxd1 9. Rxd1 e6 10. 0-0 Nbd7 11. Rfe1 0-0-0 12. Ne4 h6 13. c3 Nxe4 14. dxe4 Be7 15. e5 Nb6 16. Bb3 Rxd1 17. Rxd1 Rd8 18. Rxd8+ Kxd8 19. Kf1 Bg5 20. Nd3 Be7 21. f4 a5 22. Ke2 c5 23. Nf2 a4 24. Bc2 a3 25. bxa3 c4 26. Be4 Kc7 27. Nd1 Bxa3 28. Ne3 Bc1 29. g3 Bxe3 30. Kxe3 Na4 31. Kd4 b5 32. Bc2 Nb6 33. Kc5 Nd5 34. Kxb5 Nxc3+ 35. Kxc4 Nxa2 36. Ba4 Kd8 37. Bb5 Kc7 38. Kb3 Kb6 39. Bf1 Kc5 40. Kxa2 Kd4 41. Kb3 g5 42. Bb5 gxf4 43. gxf4 Ke4 44. Kc4 Kxf4 45. Kd4 Kf5 46. Bd3+ Kg5 47. Ke3 h5 48. h4+ Kh6 49. Kf4 f6 50. exf6 e5+ 51. Kf5 1-0

[Event "FRA-chT Top 16 Gp Basse"]
[Site "Evry"]
[Date "2008.05.31"]
[Round "10"]
[White "Gras, Delphine"]
[Black "Delorme, Laurie"]
[Result "0-1"]
[WhiteElo "2011"]
[BlackElo "2140"]
[PlyCount "108"]
[EventDate "2008.05.29"]
[EventType "team"]
[EventRounds "11"]
[EventCountry "FRA"]
[SourceTitle "CBM 124 Extra"]
[Source "ChessBase"]
[SourceDate "2008.07.03"]
[SourceVersion "1"]
[SourceVersionDate "2008.07.03"]
[SourceQuality "1"]

1. e4 e5 2. Nf3 Nc6 3. Bb5 a6 4. Bxc6 dxc6 5. 0-0 Bd6 6. d4 exd4 7. Qxd4 f6 8. Nbd2 Be6 9. Nc4 Bxh2+ 10. Kxh2 Qxd4 11. Nxd4 Bxc4 12. Re1 0-0-0 13. Nf5 g6 14. Ne3 Be6 15. b3 Ne7 16. Ba3 Rde8 17. Rad1 b6 18. Bb2 Rhf8 19. f3 h5 20. Nf1 c5 21. Ng3 Nc6 22. Rd2 Ne5 23. Ne2 g5 24. Kg1 h4 25. c4 h3 26. f4 Nc6 27. f5 Bd7 28. Ng3 hxg2 29. Kxg2 Ne5 30. Rh1 Bc6 31. Re1 Rh8 32. Bxe5 Rxe5 33. Rde2 Rh4 34. Re3 Kd8 35. Rd1+ Ke7 36. Rh1 Bxe4+ 37. Nxe4 Rhxe4 38. Rh7+ Kd6 39. Rxe4 Rxe4 40. Rf7 Ke5 41. Rxc7 Kxf5 42. Rb7 Re6 43. Kf3 Kg6 44. Rb8 f5 45. Rg8+ Kf6 46. Rd8 g4+ 47. Kf4 Re4+ 48. Kg3 Re3+ 49. Kf2 f4 50. Rf8+ Ke5 51. Re8+ Kd4 52. Rd8+ Kc3 53. Rd6 g3+ 54. Kg1 f3 0-1

[Event "FRA-chT Top 16 Gp Basse"]
[Site "Evry"]
[Date "2008.05.30"]
[Round "9"]
[White "Guichard, Pauline"]
[Black "Gras, Delphine"]
[Result "1-0"]
[WhiteElo "2274"]
[BlackElo "2011"]
[PlyCount "71"]
[EventDate "2008.05.29"]
[EventType "team"]
[EventRounds "11"]
[EventCountry "FRA"]
[SourceTitle "CBM 124 Extra"]
[Source "ChessBase"]
[SourceDate "2008.07.03"]
[SourceVersion "1"]
[SourceVersionDate "2008.07.03"]
[SourceQuality "1"]

1. d4 d5 2. c4 e6 3. Nc3 Be7 4. Qc2 Nf6 5. Bg5 0-0 6. e3 h6 7. Bh4 b6 8. cxd5 exd5 9. Be2 c5 10. Nf3 Nc6 11. 0-0 Bg4 12. Rfd1 Nb4 13. Qa4 Bd7 14. Bb5 Bxb5 15. Qxb5 a6 16. Qe2 Ne4 17. dxc5 Nxc5 18. Bxe7 Qxe7 19. Nxd5 Nxd5 20. Rxd5 Rfd8 21. Rad1 Rxd5 22. Rxd5 Qe4 23. Qd1 Na4 24. Rd4 Nxb2 25. Qc1 Nd3 26. Qd2 Qe6 27. Rxd3 Rc8 28. Rd8+ Kh7 29. Rxc8 Qxc8 30. h3 b5 31. Nd4 Kg8 32. Qc2 Qb7 33. Qc6 Qa7 34. Qe8+ Kh7 35. Nc6 Qc7 36. Ne7 1-0

[Event "FRA-chT Top 16 GpB"]
[Site "France"]
[Date "2008.04.10"]
[Round "4"]
[White "Gras, Delphine"]
[Black "Leconte, Maria"]
[Result "0-1"]
[WhiteElo "2011"]
[BlackElo "2345"]
[PlyCount "64"]
[EventDate "2008.03.22"]
[EventType "team"]
[EventRounds "7"]
[EventCountry "FRA"]
[SourceTitle "CBM 123 Extra"]
[Source "ChessBase"]
[SourceDate "2008.05.06"]
[SourceVersion "1"]
[SourceVersionDate "2008.05.06"]
[SourceQuality "1"]

1. e4 e6 2. d4 d5 3. exd5 Qxd5 4. Nf3 Nf6 5. Bd3 a6 6. 0-0 b5 7. Bg5 Bb7 8. Nbd2 Nc6 9. c4 bxc4 10. Bxc4 Qf5 11. Bxf6 gxf6 12. Re1 Be7 13. Nf1 Rd8 14. Ng3 Qa5 15. Qb3 Qb4 16. Qxb4 Nxb4 17. Rad1 Nc2 18. Re2 Bxf3 19. gxf3 Nxd4 20. Rxd4 Rxd4 21. Bxa6 h5 22. Kf1 Kd7 23. Rc2 f5 24. Bb5+ Kd8 25. Ke2 h4 26. Nf1 h3 27. a4 Bb4 28. Rc6 f4 29. Ra6 Rh5 30. Ra8+ Ke7 31. Bd3 Re5+ 32. Be4 f5 0-1

[Event "FRA-chT3 Gr14 0607"]
[Site "France"]
[Date "2007.03.18"]
[Round "7.5"]
[White "Hertzog, Walter"]
[Black "Gras, Delphine"]
[Result "1-0"]
[WhiteElo "2047"]
[BlackElo "1985"]
[PlyCount "79"]
[EventDate "2006.10.15"]
[EventType "team"]
[EventRounds "9"]
[EventCountry "FRA"]
[SourceTitle "EXT 2008"]
[Source "ChessBase"]
[SourceDate "2007.11.25"]
[SourceVersion "1"]
[SourceVersionDate "2007.11.25"]
[SourceQuality "1"]

1. d4 d5 2. c4 e6 3. Nf3 Nf6 4. Bg5 Be7 5. Nc3 h6 6. Bh4 0-0 7. e3 b6 8. Bd3 Bb7 9. 0-0 dxc4 10. Bxc4 Nbd7 11. Rc1 c5 12. dxc5 Nxc5 13. Qe2 Nd5 14. Bxe7 Nxc3 15. Rxc3 Qxe7 16. Nd4 Rac8 17. f3 Nd7 18. Rfc1 e5 19. Nf5 Qf6 20. e4 Rc6 21. b4 Kh7 22. b5 Rc7 23. Rd1 Nc5 24. Rd6 Ne6 25. g3 g6 26. Rxe6 fxe6 27. Nh4 Rfc8 28. Ng2 a6 29. a4 Qe7 30. Ne3 Qc5 31. Rd3 axb5 32. axb5 Ra8 33. Bxe6 Ra1+ 34. Kg2 Bc8 35. Nd5 Qc4 36. Nxc7 Bxe6 37. Nxe6 Ra2 38. Rd2 Rxd2 39. Qxd2 Qxb5 40. Qa2 1-0

[Event "FRA-ch U18 Girls"]
[Site "Aix les Bains"]
[Date "2006.04.??"]
[Round "8"]
[White "Gras, Delphine"]
[Black "Delisle, Charlotte"]
[Result "0-1"]
[WhiteElo "1939"]
[BlackElo "1816"]
[PlyCount "94"]
[EventDate "2006.04.??"]
[EventType "swiss"]
[EventRounds "8"]
[EventCountry "FRA"]
[SourceTitle "EXT 2007"]
[Source "ChessBase"]
[SourceDate "2006.11.23"]
[SourceVersion "1"]
[SourceVersionDate "2006.11.23"]
[SourceQuality "1"]

1. e4 c5 2. Nf3 Nc6 3. d4 cxd4 4. Nxd4 Nf6 5. Nc3 e5 6. Ndb5 d6 7. Bg5 a6 8. Na3 b5 9. Bxf6 gxf6 10. Nd5 Bg7 11. c3 Ne7 12. Nc2 Nxd5 13. Qxd5 Rb8 14. Rd1 Bb7 15. Qxd6 Qxd6 16. Rxd6 Bxe4 17. Ne3 a5 18. Nd5 f5 19. Nc7+ Ke7 20. Ra6 b4 21. c4 Rhc8 22. Nb5 Ra8 23. Rxa8 Rxa8 24. Be2 Bb1 25. a3 e4 26. 0-0 Bc2 27. Nc7 Rd8 28. Nd5+ Rxd5 29. cxd5 Bxb2 30. axb4 axb4 31. Bc4 Be5 32. Rc1 b3 33. Bxb3 Bxb3 34. Rc5 Kd6 35. Rc6+ Kxd5 36. Rh6 f4 37. Rxh7 Kd4 38. Kf1 Bc4+ 39. Ke1 Kd3 40. Kd1 Bc3 41. Rh3+ e3 42. fxe3 fxe3 43. Rg3 Bd2 44. Rxe3+ Kxe3 45. Kc2 Bd3+ 46. Kb3 Kf2 47. g4 Kf3 0-1

[Event "FRA-ch U18 Girls"]
[Site "Aix les Bains"]
[Date "2006.04.??"]
[Round "6"]
[White "Magnin, Segolene"]
[Black "Gras, Delphine"]
[Result "1-0"]
[WhiteElo "1760"]
[BlackElo "1939"]
[PlyCount "91"]
[EventDate "2006.04.??"]
[EventType "swiss"]
[EventRounds "8"]
[EventCountry "FRA"]
[SourceTitle "EXT 2007"]
[Source "ChessBase"]
[SourceDate "2006.11.23"]
[SourceVersion "1"]
[SourceVersionDate "2006.11.23"]
[SourceQuality "1"]

1. c4 e6 2. d4 d5 3. Nc3 Nf6 4. Bg5 Be7 5. e3 0-0 6. Nf3 h6 7. Bh4 b6 8. Bd3 Bb7 9. 0-0 Nbd7 10. Re1 c5 11. a3 Rc8 12. cxd5 cxd4 13. Nxd4 Nxd5 14. Bxe7 Qxe7 15. Ne4 Ne5 16. Bc2 Rfd8 17. Qe2 Qh4 18. Ng3 Ng4 19. Nf3 Qe7 20. Nd4 Ndf6 21. Red1 Rc5 22. Nb3 Rcd5 23. Rxd5 Bxd5 24. Rc1 Ne5 25. Nd4 Qb7 26. f3 Rc8 27. e4 Bc4 28. Qe3 Ba6 29. b3 Nfd7 30. Bd1 Nc6 31. b4 Nxd4 32. Rxc8+ Qxc8 33. Qxd4 e5 34. Qd6 Qc1 35. h3 Qe3+ 36. Kh2 Qd3 37. Qxd3 Bxd3 38. Be2 Bxe2 39. Nxe2 Kf8 40. Kg1 Ke7 41. Kf2 Kd6 42. Ke3 a5 43. Nc3 Kc7 44. Kd3 axb4 45. axb4 Nf8 46. Kc4 1-0

[Event "BL2 Gr01 0506 (Women)"]
[Site "Germany"]
[Date "2006.03.04"]
[Round "6.3"]
[White "Gras, Delphine"]
[Black "Donchenko, Irina"]
[Result "0-1"]
[WhiteElo "1900"]
[BlackElo "1947"]
[PlyCount "88"]
[EventDate "2005.10.29"]
[EventType "team-tourn"]
[EventRounds "7"]
[EventCountry "GER"]
[SourceTitle "EXT 2007"]
[Source "ChessBase"]
[SourceDate "2006.11.23"]
[SourceVersion "1"]
[SourceVersionDate "2006.11.23"]
[SourceQuality "1"]
[WhiteTeam "Mannheim (W)"]
[BlackTeam "Hofheim (W)"]
[WhiteTeamCountry "GER"]
[BlackTeamCountry "GER"]

1. e4 c5 2. Nf3 d6 3. d4 cxd4 4. Nxd4 Nf6 5. Nc3 e6 6. Be2 a6 7. 0-0 Qc7 8. a4 b6 9. Be3 Bb7 10. f3 Nbd7 11. Qe1 d5 12. exd5 Nxd5 13. Nxd5 Bxd5 14. c4 Bb7 15. Bf2 Bd6 16. Bg3 Bxg3 17. Qxg3 Qxg3 18. hxg3 Ke7 19. Rfd1 g6 20. Rd2 e5 21. Nc2 Nc5 22. Rad1 Rhd8 23. Nb4 Rxd2 24. Rxd2 Nxa4 25. Nd5+ Bxd5 26. Rxd5 f6 27. Rd2 a5 28. Kf2 Rd8 29. Rxd8 Kxd8 30. b3 Nc5 31. Bd1 Ke7 32. Ke3 Kd6 33. Kd2 Ne6 34. Kc3 Kc5 35. Be2 Nd4 36. Bf1 Nf5 37. Be2 Nxg3 38. Bd3 Nf5 39. Be4 Ng3 40. Bd3 Nh5 41. Bf1 Nf4 42. g3 Nh5 43. g4 Nf4 44. Kb2 h5 0-1

[Event "FRA-chT Top 16 GpB"]
[Site "France"]
[Date "2006.02.04"]
[Round "2.9"]
[White "Nicoara, Malina"]
[Black "Gras, Delphine"]
[Result "1-0"]
[WhiteElo "2237"]
[BlackElo "1956"]
[PlyCount "83"]
[EventDate "2006.03.03"]
[EventType "team-tourn"]
[EventRounds "7"]
[EventCountry "FRA"]
[SourceTitle "EXT 2007"]
[Source "ChessBase"]
[SourceDate "2006.11.23"]
[SourceVersion "1"]
[SourceVersionDate "2006.11.23"]
[SourceQuality "1"]
[WhiteTeam "Nice"]
[BlackTeam "Strasbourg"]
[WhiteTeamCountry "FRA"]
[BlackTeamCountry "FRA"]

1. d4 d5 2. c4 e6 3. Nc3 Nf6 4. cxd5 exd5 5. Bg5 c6 6. Qc2 Be7 7. e3 0-0 8. Bd3 Nbd7 9. Nge2 Re8 10. 0-0 Nf8 11. Rad1 Ng6 12. a3 a5 13. Ng3 Be6 14. Rfe1 Qd7 15. f3 Rad8 16. Nf1 Nh5 17. Bxe7 Rxe7 18. g4 Nf6 19. Qf2 Nf8 20. Ng3 Ng6 21. Nf5 Ree8 22. Ne2 Ne7 23. Neg3 Bxf5 24. gxf5 Nc8 25. Bb1 Nd6 26. e4 dxe4 27. fxe4 Nb5 28. e5 Nd5 29. Ne4 Ne7 30. Nc5 Qc8 31. e6 f6 32. Re4 b6 33. Nd7 Rxd7 34. exd7 Qxd7 35. Rde1 Nd6 36. R4e2 Kf8 37. Qh4 Ndxf5 38. Qxh7 Qxd4+ 39. Kh1 Nh6 40. Ba2 c5 41. Qh8+ Nhg8 42. Qxg8+ 1-0

[Event "BL2 Gr01 0506 (Women)"]
[Site "Germany"]
[Date "2005.11.20"]
[Round "4.4"]
[White "Dietzen, Corinna"]
[Black "Gras, Delphine"]
[Result "1-0"]
[WhiteElo "1855"]
[BlackElo "1900"]
[PlyCount "65"]
[EventDate "2005.10.29"]
[EventType "team-tourn"]
[EventRounds "7"]
[EventCountry "GER"]
[SourceTitle "EXT 2007"]
[Source "ChessBase"]
[SourceDate "2006.11.23"]
[SourceVersion "1"]
[SourceVersionDate "2006.11.23"]
[SourceQuality "1"]
[WhiteTeam "Wadgassen/Differten (W)"]
[BlackTeam "Mannheim (W)"]
[WhiteTeamCountry "GER"]
[BlackTeamCountry "GER"]

1. c4 e6 2. d4 d5 3. cxd5 exd5 4. Nc3 Nf6 5. Qc2 Be7 6. Bg5 c6 7. Nf3 0-0 8. e3 Nbd7 9. Bd3 Re8 10. 0-0 Nf8 11. Rab1 Ng6 12. Ne5 Bd6 13. Nxg6 hxg6 14. h3 Qc7 15. Bxf6 gxf6 16. Bxg6 Bxh3 17. Bh7+ Kg7 18. gxh3 Rh8 19. Bf5 Rag8 20. f4 Kf8+ 21. Kh1 Rg3 22. Qf2 Rgxh3+ 23. Bxh3 Qd7 24. Qg2 Rxh3+ 25. Kg1 Rxe3 26. Rf3 Qe6 27. Rbf1 b5 28. Qg3 Rxf3 29. Rxf3 b4 30. Re3 Qf5 31. Ne2 Qb1+ 32. Kf2 Qxb2 33. Qh4 1-0

[Event "Budapest FS08 FM-B"]
[Site "Budapest"]
[Date "2005.08.15"]
[Round "10"]
[White "Schuetz, Peter"]
[Black "Gras, Delphine"]
[Result "1/2-1/2"]
[WhiteElo "1969"]
[BlackElo "1982"]
[PlyCount "95"]
[EventDate "2005.08.06"]
[EventType "tourn"]
[EventRounds "11"]
[EventCountry "HUN"]
[SourceTitle "CBM 107 Extra"]
[Source "ChessBase"]
[SourceDate "2005.09.01"]
[SourceVersion "1"]
[SourceVersionDate "2005.09.01"]
[SourceQuality "1"]

1. e4 c6 2. d4 d5 3. Nc3 dxe4 4. Nxe4 Bf5 5. Ng3 Bg6 6. Nf3 Nd7 7. h4 h6 8. c3 Qc7 9. Bd3 Bxd3 10. Qxd3 Ngf6 11. 0-0 e6 12. Re1 Bd6 13. Nf5 0-0-0 14. Nxd6+ Qxd6 15. g3 Rhe8 16. Qc2 Qd5 17. Ne5 Nxe5 18. Rxe5 Qf3 19. Bf4 Nd5 20. Bd2 f6 21. Qe4 Qxe4 22. Rxe4 Kd7 23. Rae1 Re7 24. c4 Nb6 25. Bb4 Ree8 26. Ba5 Rc8 27. b3 Na8 28. f4 b6 29. Bc3 Nc7 30. Kg2 b5 31. Kf3 h5 32. Ba5 Na8 33. c5 g6 34. R4e2 f5 35. Ke3 Nc7 36. Bxc7 Rxc7 37. Kd3 a5 38. a3 Rcc8 39. Kc3 Rb8 40. Rd1 Rbc8 41. Rb1 Rb8 42. Reb2 Rbc8 43. a4 b4+ 44. Kc4 Rcd8 45. Re2 Re7 46. Re5 Rde8 47. Rbe1 Kc7 48. Kd3 1/2-1/2